Wszystkie kluby w najwyższych ligach europejskich 2024/25 - Statystyki

Ogólne statystyki
  • Ten quiz został rozwiązany 35 razy
  • Średni wynik to 110 z 579
Statystyki odpowiedzi
Kraj Klub % Poprawnych
Anglia Liverpool
100%
Manchester City
95%
Manchester United
95%
Arsenal
91%
Chelsea
91%
Francja Paris Saint-Germain
91%
Tottenham
91%
Southampton
86%
Everton
82%
Hiszpania Barcelona
77%
Newcastle United
77%
West Ham
77%
Aston Villa
73%
Atlético Madryt
73%
Niemcy Bayern Monachium
73%
Crystal Palace
73%
PSV
73%
Real Madryt
73%
Wolverhampton
73%
Holandia Ajax
68%
Borussia Dortmund
68%
Cracovia
68%
Fulham
68%
Jagiellonia Białystok
68%
Lechia Gdańsk
68%
Lech Poznań
68%
Legia Warszawa
68%
Leicester City
68%
Lille
68%
Nottingham Forest
68%
Pogoń Szczecin
68%
Śląsk Wrocław
68%
Bayer Leverkusen
64%
Brentford
64%
Feyenoord
64%
Włochy Inter
64%
Juventus
64%
Korona Kielce
64%
Lazio
64%
Milan
64%
Motor Lublin
64%
Olympique Lyon
64%
Piast Gliwice
64%
Polska Raków Częstochowa
64%
Real Sociedad
64%
Roma
64%
Athletic Bilbao
59%
Austria Wiedeń
59%
Bournemouth
59%
Brighton
59%
Górnik Zabrze
59%
Ipswich Town
59%
Napoli
59%
RB Lipsk
59%
Real Betis
59%
Sevilla
59%
Stal Mielec
59%
Valencia
59%
Villarreal
59%
Widzew Łódź
59%
Zagłębie Lubin
59%
Atalanta
55%
AZ Alkmaar
55%
Club Brugge
55%
Dinamo Zagrzeb
55%
Espanyol
55%
GKS Katowice
55%
HJK Helsinki
55%
Olympique Marsylia
55%
Puszcza Niepołomice
55%
Rapid Wiedeń
55%
Czechy Slavia Praga
55%
Sparta Praga
55%
Szwajcaria Basel
50%
Portugalia Benfica
50%
Celta Vigo
50%
Ukraina Dynamo Kijów
50%
Turcja Galatasaray
50%
Getafe
50%
KA
50%
Monaco
50%
Porto
50%
Radomiak Radom
50%
Red Bull Salzburg
50%
Wolfsburg
50%
Young Boys
50%
Norwegia Bodø/Glimt
45%
Borussia Mönchengladbach
45%
Cercle Brugge
45%
Eintracht
45%
Fiorentina
45%
Girona
45%
Chorwacja Hajduk Split
45%
Malmö
45%
Monza
45%
Nice
45%
Parma
45%
Sporting
45%
Stuttgart
45%
Szachtar Donieck
45%
Werder Brema
45%
AEK Ateny
41%
Anderlecht
41%
Bochum
41%
Bologna
41%
Braga
41%
Brest
41%
Freiburg
41%
Gent
41%
Las Palmas
41%
Lens
41%
Molde
41%
Torino
41%
Udinese
41%
Union
41%
Augsburg
36%
Białoruś Dynamo Mińsk
36%
Fenerbahçe
36%
Hoffenheim
36%
Bułgaria Łudogorec
36%
Montpellier
36%
NAC Breda
36%
Nantes
36%
Osasuna
36%
PAOK
36%
Rayo Vallecano
36%
Reims
36%
Sparta Rotterdam
36%
Strasbourg
36%
Austria Sturm Graz
36%
Twente
36%
Venezia
36%
Viktoria Pilzno
36%
BATE Borysów
32%
Beşiktaş
32%
Brøndby
32%
Cagliari
32%
Como
32%
Serbia Crvena zvezda
32%
Empoli
32%
Belgia Genk
32%
Grasshopper
32%
Heidenheim
32%
Leganés
32%
Le Havre
32%
Mainz
32%
Mallorca
32%
Grecja Olympiakos
32%
Omonia
32%
Osijek
32%
Partizan
32%
Rosenborg
32%
Saint-Étienne
32%
Tirana
32%
Union Berlin
32%
Utrecht
32%
Verona
32%
AIK
27%
APOEL
27%
Astana
27%
Bačka Topola
27%
Başakşehir
27%
CSKA Sofia
27%
Deportivo Alavés
27%
Dinamo Tbilisi
27%
Genoa
27%
Groningen
27%
Heerenveen
27%
HNK Rijeka
27%
Konyaspor
27%
Lecce
27%
Metta
27%
Real Valladolid
27%
Rio Ave
27%
Viking
27%
Zürich
27%
Aarhus
23%
AEK Larnaka
23%
Antalyaspor
23%
Antwerp
23%
Apollon Limassol
23%
Aris
23%
Auxerre
23%
Rumunia FCSB
23%
Flora
23%
LASK Linz
23%
Lewski Sofia
23%
Lugano
23%
Maccabi Tel Awiw
23%
Maribor
23%
NEC
23%
Cypr Pafos
23%
Panathinaikos
23%
Azerbejdżan Qarabağ
23%
Standard Liège
23%
Toulouse
23%
Žalgiris
23%
Angers
18%
Aris Limassol
18%
Baník Ostrawa
18%
Boavista
18%
Borac
18%
Celje
18%
Čukarički
18%
Elfsborg
18%
Fortuna Sittard
18%
Go Ahead Eagles
18%
Göteborg
18%
Holstein Kiel
18%
ÍA
18%
København
18%
Kortrijk
18%
Luzern
18%
Mladá Boleslav
18%
Neftçi
18%
PEC Zwolle
18%
Riga
18%
RKC Waalwijk
18%
Sarajevo
18%
Servette
18%
Sigma Ołomuniec
18%
Sivasspor
18%
St. Pauli
18%
Žilina
18%
Aktöbe
14%
Austria Klagenfurt
14%
Bohemians
14%
Brann
14%
Czarnogóra Budućnost
14%
Cluj
14%
Dinamo Batumi
14%
Gorica
14%
Grazer
14%
Heracles Almelo
14%
Maccabi Hajfa
14%
Dania Midtjylland
14%
Sankt Gallen
14%
Santa Clara
14%
Šibenik
14%
Trabzonspor
14%
Trenčín
14%
Tromsø
14%
Varaždin
14%
Vojvodina
14%
Zirə
14%
Zoria Ługańsk
14%
Bośnia Zrinjski Mostar
14%
AEL Limassol
9%
Almere City
9%
Anorthosis Famagusta
9%
Beograd
9%
Beroe Stara Zagora
9%
Botew Płowdiw
9%
Islandia Breiðablik
9%
Czerno More Warna
9%
Dinamo Bukareszt
9%
Dinamo Tirana
9%
Djurgårdens
9%
Albania Egnatia
9%
Elbasani
9%
Farense
9%
Ferencvárosi
9%
Häcken
9%
Izrael Hapoel Beer Szewa
9%
Litwa Hegelmann
9%
Homel
9%
Inter Turku
9%
Karpaty Lwów
9%
Karviná
9%
KuPS Kuopio
9%
Laçi
9%
Leuven
9%
Lokomotiva Zagrzeb
9%
Łokomotiw Płowdiw
9%
Łokomotiw Sofia
9%
Mińsk
9%
MTK
9%
Mura
9%
Novi Pazar
9%
OFI
9%
Słowenia Olimpija Lublana
9%
Panevėžys
9%
Radnički
9%
Randers
9%
Rennais
9%
Royal Charleroi
9%
Ružomberok
9%
Sabah
9%
Silkeborg
9%
Široki Brijeg
9%
Skënderbeu
9%
Slaven Belupo
9%
Sławia Sofia
9%
Sloboda Tuzla
9%
Słowacja Slovan Bratislava
9%
Slovan Liberec
9%
Spartak Subotica
9%
Spartak Trnawa
9%
Spartak Warna
9%
Teuta
9%
Újpest
9%
Víkingur Reykjavík
9%
Vllaznia
9%
Wolfsberger
9%
Željezničar
9%
AaB
5%
Alanyaspor
5%
Arda Kyrdżali
5%
Arsenal Tivat
5%
Asteras Tripolis
5%
Atromitos
5%
Ballymena United
5%
Banga
5%
Beitar Jerozolima
5%
Blau-Weiß Linz
5%
Bokelj
5%
Botew Wraca
5%
Casa Pia
5%
Çaykur Rizespor
5%
CSKA 1948 Sofia
5%
Czornomoreć Odessa
5%
Daugavpils
5%
Dečić Tuzi
5%
Dender
5%
Dukla Banská Bystrica
5%
Dukla Praga
5%
Dunajská Streda
5%
Dynama Brześć
5%
Estrela Amadora
5%
Ethnikos Achna
5%
Farul Konstanca
5%
Fram Reykjavík
5%
Fredrikstad
5%
Győr
5%
Haka
5%
Szwecja Hammarby
5%
Hapoel Hajfa
5%
Hatayspor
5%
Hermannstadt
5%
Hradec Králové
5%
ÍBV
5%
IMT
5%
Isłacz Minski Rajon
5%
Istra
5%
Finlandia Jaro
5%
Jedinstvo
5%
Jezero Plav
5%
Kazachstan Kajrat Ałmaty
5%
Kayserispor
5%
Kəpəz Gəncə
5%
Kołos Kowaliwka
5%
Komárno
5%
Koper
5%
Košice
5%
KR
5%
Krumowgrad
5%
Lausanne Sport
5%
Estonia Levadia
5%
Levadiakos
5%
Liepāja
5%
Maccabi Netanja
5%
Maccabi Petach Tikwa
5%
Mechelen
5%
Mladost Lučani
5%
Mornar Bar
5%
Nafta
5%
Nioman Grodno
5%
Omonia Aradipu
5%
Omonia Nikozja
5%
Ordabasy Szymkent
5%
Oslo
5%
Oulu
5%
Paksi
5%
Partizani
5%
Petrovac
5%
Politehnica Jassy
5%
Posušje
5%
Węgry Puskás Akadémia
5%
Radnički Nisz
5%
Radnik Bijeljina
5%
Rapid Bukareszt
5%
Samsunspor
5%
Sepsi OSK
5%
Šiauliai
5%
Sion
5%
Sirius
5%
Sławija Mozyrz
5%
Słuck
5%
Smorgonie
5%
Strømsgodset
5%
Sūduva
5%
Sutjeska Nikšić
5%
Tarpieda-BiełAZ Żodzino
5%
Telavi
5%
Teplice
5%
TSV Hartberg
5%
Tukums
5%
Turan Tovuz
5%
Universitatea Kluż
5%
Universitatea Krajowa
5%
Vålerenga
5%
Valur
5%
Vejle
5%
Velež Mostar
5%
Viborg
5%
Westerlo
5%
Willem II
5%
Witebsk
5%
Worskła Połtawa
5%
WSG Tirol
5%
Zemplín Michalovce
5%
Adana Demirspor
0%
Afturelding
0%
Araz Nachiczewan
0%
Arouca
0%
Arsienał Dzierżynsk
0%
Aszdod
0%
Atyrau
0%
Auda
0%
AVS
0%
Beerschot
0%
Bene Sachnin
0%
Besa Dobërdoll
0%
Bodrum
0%
Botoșani
0%
Bravo
0%
Brera Strumica
0%
Brommapojkarna
0%
Bryne
0%
Bylis Ballsh
0%
Carrick Rangers
0%
České Budějovice
0%
Cliftonville
0%
Coleraine
0%
Crusaders
0%
Czerkasy
0%
Dainava
0%
Debreceni
0%
Degerfors
0%
Dila Gori
0%
Diósgyőr
0%
Dniapro Mohylew
0%
Domžale
0%
Dungannon Swifts
0%
Džiugas
0%
Enosis Neon Paralimni
0%
Estoril
0%
Eyüpspor
0%
Famalicão
0%
Fehérvár
0%
FH
0%
Łotwa FK RFS
0%
Gagra
0%
GAIS
0%
Garedżi Sagaredżo
0%
Gaziantep
0%
Gil Vicente
0%
Glenavon
0%
Glentoran
0%
Gloria Buzău
0%
Gnistan
0%
GOŠK Gabela
0%
Gostivar
0%
Göztepe
0%
Grobiņas
0%
Halmstads
0%
HamKam
0%
Hapoel Hadera
0%
Hapoel Jerozolima
0%
Harju
0%
Haugesund
0%
Hebyr Pazardżik
0%
Gruzja Iberia
0%
Igman Konjic
0%
Inhułeć Petrowe
0%
Ironi Kirjat Szemona
0%
Ironi Tyberiada
0%
Jablonec
0%
Jedinstvo Ub
0%
Jelgava
0%
Jelimaj
0%
Kajsar Kyzyłorda
0%
Kalev
0%
Kallithea
0%
Karmiotisa
0%
Kasımpaşa
0%
Kauno Žalgiris
0%
Kecskeméti
0%
Kolcheti
0%
Kristiansund
0%
Krywbas
0%
KTP
0%
Kuressaare
0%
Kyzyłżar Petropawł
0%
Lamia
0%
Larne
0%
Irlandia Linfield
0%
Liwyj Bereh Kijów
0%
Loughgall
0%
Lyngby
0%
Maccabi Bene Rajna
0%
Mariehamn
0%
Mjällby
0%
Moreirense
0%
Nacional
0%
Naftan Nowopołock
0%
Napredak Kruševac
0%
Narva
0%
Nea Salamina Famagusta
0%
Nõmme
0%
Nordsjælland
0%
Norrköping
0%
Nyíregyháza
0%
Obołoń Kijów
0%
Okżetpes Kokczetaw
0%
Ołeksandrija
0%
Östers
0%
Oțelul Gałacz
0%
Otrant Ulcinj
0%
Paide Linnameeskond
0%
Panetolikos
0%
Panserraikos
0%
Pardubice
0%
Pärnu
0%
Pelister Bitola
0%
Petrolul Ploeszti
0%
Polissia Żytomierz
0%
Portadown
0%
Primorje
0%
Rabotniczki Skopje
0%
Radomlje
0%
Rheindorf Altach
0%
Riteriai
0%
Ruch Lwów
0%
Şamaxı Baku
0%
Samgurali Ckaltubo
0%
Sandefjord
0%
Sarpsborg
0%
Səbail Baku
0%
Seinäjoen
0%
Septemwri Sofia
0%
Shkupi Skopje
0%
Siłeks Kratowo
0%
Sint-Truiden
0%
Skalica
0%
Sloga Meridian
0%
Slovácko
0%
Sønderjyske
0%
Stjarnan
0%
Struga
0%
Sumqayıt
0%
Super Nova
0%
Szachcior Soligorsk
0%
Macedonia Szkendija Tetowo
0%
Tampereen Ilves
0%
Tartu Tammeka
0%
Tekstilac Odžaci
0%
Tikwesz Kawadarci
0%
Toboł Kustanaj
0%
Torpedo Kutaisi
0%
Turan Turkiestan
0%
Ułytau Żezkazgan
0%
Unirea Slobozia
0%
UTA Arad
0%
Vaasan Palloseura
0%
Värnamo
0%
Vestri
0%
Vitória de Guimarães
0%
Volos
0%
Voska Sport
0%
Wardar Skopje
0%
Weres
0%
Winterthur
0%
Yverdon Sport
0%
Zalaegerszegi
0%
Železiarne Podbrezová
0%
Železničar Pančevo
0%
Żengys Astana
0%
Żetysu Tałdykorgan
0%
Nie znaleziono quizów pasujących do podanych kryteriów
Rozkład punktacji
Procent ludzi z każdym wynikiem
Percentyl według liczby udzielonych odpowiedzi
Twoja historia wyników
Nie rozwiązałeś tego quizu